Jobbra számítottak

Bibliographic Details
Main Author: Orosky, Tamás (Author)
Format: Article
Language:Hungarian
PhysicalDescription:Fotogr.
ISSN:1335-7050
Subjects:

MARC

LEADER 00000nab a2200000 a 4500
001 vtls010574924
003 SK-MaSNL
005 20260318132844.0
008 140207c20140207xo d| | 000 0|2hun
015 |a SNBRB2014/02 
038 |a DSZK 
040 |a DSZK  |b slo  |c DSZK  |e AACR2 
041 0 |a hun 
044 |a xo  |c SK 
080 |a 796.323.2-055.2  |x (437.6)  |2 2001 
100 1 |a Orosky, Tamás  |4 aut  |9 1087157 
245 1 0 |a Jobbra számítottak  |c Orosky Tamás 
300 |b Fotogr. 
610 2 7 |a ŠBK Šamorín  |2 dszk  |9 1194104 
650 0 7 |a basketbal  |x ženy  |x Stredoeurópska liga  |y sezóna 2013/2014  |2 dszk  |9 1195104 
651 7 |a Šamorín (Slovensko)  |2 SNKPH  |9 28925 
773 0 |t Új szó  |g Évf. 67, sz. 31 (2014.2.7), o. 21  |x 1335-7050 
852 |a DSZK  |b KIS3GCP 
958 |a HU 
958 |a SK 
999 |c 2079761  |d 2081691